Quiz o Białymstoku - Statystyki

Ogólne statystyki
  • Ten quiz został rozwiązany 1 120 razy
    1 119 od ostatniego zresetowania
  • Średni wynik to 9 z 15
Statystyki odpowiedzi
Wskazówka Odpowiedź % Poprawnych
Białystok znajduje się w tym województwie Podlaskie
90%
Wiek, w którym założony został Białystok XV
89%
Najbardziej utytułowany klub piłkarski w północno-wschodniej Polsce, zajmuje obecnie 18 miejsce
w tabeli wszechczasów Ekstraklasy
Jagiellonia Białystok
88%
Białystok jest największym skupiskiem wyznawców tej religii w Polsce Prawosławie
87%
Urodzony w Białymstoku pisarz, publicysta, prezenter telewizyjny, i polityk. Kandydat na urząd prezydenta RP w 2020 roku. Założyciel i prezes partii Polska 2050 Szymon Hołownia
84%
Najliczniejsza mniejszość narodowa, stanowiąca 2,5% mieszkańców miasta Białorusini
82%
Znana postać internetowa, kandydat na prezydenta miasta w 2006 roku. Podczas kampanii wyborczej obiecywał m.in., że po jego dojściu do władzy "nie będzie niczego" Krzysztof Kononowicz
77%
Zabytkowy pałac, określany mianem „Wersalu Podlasia” Pałac Branickich
58%
Obecny prezydent miasta Tadeusz Truskolaski
53%
Potrawa regionalna, rodzaj dużej, nadziewanej pyzy ziemniaczanej Kartacz
49%
Najdłuższa rzeka przepływająca przez miasto Biała
43%
Najsłynniejszy białostocki park miejski, położony na osiedlu Centrum Planty
31%
Reprezentacyjna promenada położona w centrum Białegostoku Rynek Kościuszki
30%
Polski duchowny, były metropolita gdański. W 2021 roku pozbawiony tytułu Honorowego Obywatela Miasta Białegostoku w związku z zarzutami niepodejmowania działań na zawiadomienia
o dopuszczeniu się czynów pedofilnych przez gdańskich księży i stosowanie mobbingu wobec podległych księży
Sławoj Leszek Głódź
25%
Teatr utworzony w 1748 roku w Białymstoku. Pierwszy stały teatr na ziemiach polskich Komedialnia
7%
Nie znaleziono quizów pasujących do podanych kryteriów
Rozkład punktacji
Procent ludzi z każdym wynikiem
Percentyl według liczby udzielonych odpowiedzi
Twoja historia wyników
Nie rozwiązałeś tego quizu od ostatniego zresetowania